000 00307nam a22001337a 4500
008 181210b xxu||||| |||| 00| 0 eng d
020 _a9780312075309
041 _aeng
080 _24 TH
_a370
100 _a48
101 _aEDU
245 _aThe Bedford Hand book Writers
_cDiana.H
942 _2udc
_cBK
999 _c53108
_d53108